| 000 | 00521nam a2200181Ia 4500 | ||
|---|---|---|---|
| 003 | GCL | ||
| 008 | 140319s9999 xx 000 0 eng d | ||
| 040 |
_aGCL / _cGCL |
||
| 082 | 0 | 4 |
_aCC _b932.01 _bA E |
| 100 | 1 | _aSALEH, ABDEL AZIZ | |
| 245 | 1 | 0 |
_aEXCAVATIONS AT HELIOPOLIS, ANCIENT EGYPTIAN OYNU / _cSALEH, ABDEL AZIZ |
| 260 |
_a[S.N] : _bCAIRO UNIVERSITY, FACULTY OF ARCHAELOGY ، _c1983 |
||
| 650 | 0 | 4 | _aEGYPTOLOGY |
| 650 | 0 | 4 | _aANCIENT EGYPTIAN |
| 650 | 0 | 4 | _aOUNU |
| 650 | 0 | 4 | _aHELIOPOLIS (EGYPT) |
| 942 |
_2ddc _cBK |
||
| 999 |
_c17446 _d17446 |
||